Genealogy of Christ - Statistics

General Stats
  • This quiz has been taken 53 times
  • The average score is 16 of 78
Answer Stats
Answer % Correct
Joseph
84%
Joseph
84%
Joseph
84%
Joseph
84%
Adam
81%
Abraham
73%
David
70%
Jacob
70%
Noah
68%
Jesus
65%
Jesus Christ
65%
Seth
65%
Isaac
62%
Shem
51%
Jesse
43%
Methuselah
43%
Judah
35%
Judah
35%
Boaz
30%
Enoch
30%
Enos
27%
Jared
19%
Lamech
19%
Obed
19%
Terah
19%
Arphaxad
16%
Maath
16%
Levi
14%
Levi
14%
Nahor
14%
Peleg
14%
Eber
11%
Nathan
11%
Reu
11%
Amminadab
8%
Cainan
8%
Cainan
8%
Mahalaleel
8%
Perez
8%
Shelah
8%
Zerubbabel
8%
Heli
5%
Hezron
5%
Menna
5%
Nahshon
5%
Shealtiel
5%
Amos
3%
Arni
3%
Eliakim
3%
Er
3%
Joanan
3%
Jonam
3%
Mattatha
3%
Mattathias
3%
Mattathias
3%
Matthat
3%
Matthat
3%
Melchi
3%
Melchi
3%
Nahum
3%
Addi
0%
Admin
0%
Cosam
0%
Eliezer
0%
Elmadam
0%
Esli
0%
Jannai
0%
Joda
0%
Jorim
0%
Josech
0%
Melea
0%
Naggai
0%
Neri
0%
Rhesa
0%
Sala
0%
Semein
0%
Sereg
0%
Symeon
0%
No matching quizzes found
Score Distribution
Percent of People with Each Score
Percentile by Number Answered
Your Score History
You have not taken this quiz